00905naa a22001571i 4500003000900000005001700009008004100026040001600067080001100083100013000094245012200224650002700346655003000373711013500403773020900538KOSZ 00520180427115602.0170621s2003 pol||||f |||| 10| 0 pol d cKOSZ 005/ac a621.381 aSŁOWIK, Adam.d2005 - .bPolitechnika Koszalińska - Wydział Elektroniki i Informatyki,cKatedra Inżynierii Komputerowej10aMożliwości projektowania układów elektronicznych przy zastosowaniu programowania genetycznego /cAdam Słowik. 4aUkłady elektroniczne. 4aMateriały konferencyjne.22aKrajowa Konferencja Elektroniki i Telekomunikacji Studentów i Młodych Pracowników Nauki n(1 ;d2003.10 ;cKoszalin, Polska). iW :tXXI Wiek z Erą Elektroniki i Teleinformatyki : I Krajowa Konferencja Naukowa Studentów i Młodych Pracowników Nauki. -dKoszalin : Wydaw. Uczelniane Politechniki Koszalińskiej, 2003. -gs. 40